=LDR 00000nam 2200000 4500 =001 000598 =005 20250711101838 =035 ##$$a 0010-0725000466 =007 ta =008 250711################a##########0#ind## =020 ##$$a 978-623-118-862-5 =082 ##$$a 398.209 598 =084 ##$$a 398.209 598 RID p =100 #$$a Ridwan =245 1#$$a Penculikan Naya /$c Ridwan =250 ##$$a Cetakan Pertama =260 ##$$a Jakarta Timur :$b Kementerian Pendidikan, Kebudayaan, Riset, dan Teknologi,$c 2022 =300 ##$$a 36 hlm : $b ilus. ; $c 29,7 cm =650 #4$$a Cerita Bergambar =600 #4$$a Cerita anak-Indonesia =856 ##$$a TBM AS SUHADA =990 ##$$a TBM03600360